书目信息 |
| 题名: |
高考状元的高效学习法
|
|
| 作者: | 黄小倩 著 | |
| 分册: | ||
| 出版信息: | 海口 南海出版公司 2003 |
|
| 页数: | 309页 | |
| 开本: | 21cm | |
| 丛书名: | ||
| 单 册: | ||
| 中图分类: | G442 , G632.46 | |
| 科图分类: | ||
| 主题词: | 高等学校--入学考试--经验 , 毕业生--学习方法--高中 , 高等学校 , 入学考试 , 毕业生 , 学习方法 , 教育心理学 | |
| 电子资源: | ||
| ISBN: | 7-5442-2398-1 | |
| 000 | 00980nam0 2200313 450 | |
| 001 | 1258504048 | |
| 005 | 20121004161719.90 | |
| 010 | @a7-5442-2398-1@dCNY20.00 | |
| 100 | @a20030729d2003 em y0chiy50 ea | |
| 101 | 0 | @achi |
| 102 | @aCN@b460000 | |
| 105 | @ay z 000yy | |
| 200 | 1 | @a高考状元的高效学习法@Agao kao zhuang yuan de gao xiao xue xi fa@e这样学习最有效(特别版)@f黄小倩等著 |
| 210 | @a海口@c南海出版公司@d2003 | |
| 215 | @a309页@d21cm@e附件 | |
| 307 | @a附件名:变态英语:10倍速高考英语词汇记忆法/叶硕著(32页) | |
| 330 | @a本书由21位高考状元讲述自己的学习经验,提供了一系列可仿效、模拟和参考的学习模式。 | |
| 606 | 0 | @a高等学校@x入学考试@x经验 |
| 606 | 0 | @a毕业生@x学习方法@x高中 |
| 606 | 0 | @a高等学校 |
| 606 | 0 | @a入学考试 |
| 606 | 0 | @x毕业生 |
| 606 | 0 | @a学习方法 |
| 606 | 0 | @a教育心理学 |
| 690 | @aG442@v4 | |
| 690 | @aG632.46@v4 | |
| 701 | 0 | @a黄小倩@Ahuang xiao qian@4著 |
| 801 | 0 | @aCN@bNLC@c20101222 |
| 905 | @a10447@dG442@eJY294:1 | |
| 高考状元的高效学习法:这样学习最有效(特别版)/黄小倩等著.-海口:南海出版公司,2003 |
| 309页;21cm+附件 |
| ISBN 7-5442-2398-1:CNY20.00 |
| 本书由21位高考状元讲述自己的学习经验,提供了一系列可仿效、模拟和参考的学习模式。 |
| ● |
| 相关链接 |
|
|
|
|
正题名:高考状元的高效学习法
索取号:G442/JY294:1
 
预约/预借
| 序号 | 登录号 | 条形码 | 馆藏地/架位号 | 状态 | 备注 |
| 1 | 7805918 | 278059182 | 学院路分馆/ [索取号:G442/JY294:1] | 在馆 | |
| 2 | 7805919 | 278059191 | 学院路分馆/ [索取号:G442/JY294:1] | 在馆 | |
| 3 | 7805920 | 278059208 | 学院路分馆/ [索取号:G442/JY294:1] | 在馆 | |
| 4 | 7805921 | 278059217 | 学院路分馆/ [索取号:G442/JY294:1] | 在馆 |